=LDR 00000nam 2200000 4500 =001 INLIS000000000009861 =005 20130612101629 =008 ***********************************Ind** =035 ##$$0010-061300000009861 =041 ##$$a Ind =082 ##$$a 616.462 =090 ##$$a 416.462, Bil s =100 ##$$a Bilous, Rudy W =245 ##$$a Seri kesehatan bimbingan dokter pada diabetes, Dr. Rudy W. Bilous =260 ##$$a 2003 $b Jakarta =300 ##$$a 96 hlm, ilus, 23 cm =650 ##$$a Diabetes =850 ##$$a NBPNMAT